| 000 -LEADER | |
|---|---|
| fixed length control field | 00404nam a22001577a 4500 |
| 005 - DATE AND TIME OF LATEST TRANSACTION | |
| control field | 20171025115939.0 |
| 008 - FIXED-LENGTH DATA ELEMENTS--GENERAL INFORMATION | |
| fixed length control field | 171025b xxu||||| |||| 00| 0 eng d |
| 020 ## - INTERNATIONAL STANDARD BOOK NUMBER | |
| ISBN | 978-81-89997-20-5 |
| 041 ## - LANGUAGE CODE | |
| Language code of text/sound track or separate title | eng |
| 082 ## - DEWEY DECIMAL CLASSIFICATION NUMBER | |
| Classification number | 070.125 |
| 100 ## - MAIN ENTRY--AUTHOR NAME | |
| Personal name | SINGH, DR. DEVVRAT AND SINGH KIRTI |
| 245 ## - TITLE STATEMENT | |
| Title | TELEVISION PATRAKARITA EK PARICHAYA |
| 260 ## - PUBLICATION, DISTRIBUTION, ETC. (IMPRINT) | |
| Place of publication | DELHI |
| Name of publisher | NATRAJ PRAKASHAN |
| 300 ## - PHYSICAL DESCRIPTION | |
| Number of Pages | 216p. |
| 942 ## - ADDED ENTRY ELEMENTS (KOHA) | |
| Koha item type | Books |
| Lost status | Damaged status | Home library | Current library | Shelving location | Date acquired | Source of acquisition | Cost, normal purchase price | Full call number | Accession Number | Koha item type |
|---|---|---|---|---|---|---|---|---|---|---|
| JRU Library | SHELF-31-I | 25/10/2017 | PURCHESS | 350.00 | 070.125 | 22182 | Books | |||
| JRU Library | SHELF-32-I | 25/10/2017 | PURCHESS | 350.00 | 070.125 | 22183 | Books |